| 000 | 00426nam a2200169Ia 4500 | ||
|---|---|---|---|
| 008 | 230711s9999||||xx |||||||||||||| ||und|| | ||
| 020 | _a978-81-203-1120-6 | ||
| 041 | _aENG | ||
| 082 |
_a517.4 _bGU-C |
||
| 100 | _aGupta,A.S | ||
| 245 | 0 | _aCalculus of Variations with Applications | |
| 250 | _a1st Ed. | ||
| 260 |
_c2017 _aNew Delhi _bPHI Learning Private Limited |
||
| 300 | _a242p. | ||
| 650 | _aMathematics | ||
| 942 | _cBK | ||
| 999 |
_c6755 _d6755 |
||